000 00311nam a2200133 i 4500
001 bg
100 1 _aMAJDECKI, T.
245 0 _aPierwsza pomoc w wypadkach drogowych /
_cT. Majdecki.
260 _aWarszawa,
_c1985.
040 _cBPK
041 _apol
942 _cKS
008 s pl f |000 0 pol
999 _c3194
_d3194
856 _uhttp://koha.tu.koszalin.pl/cgi-bin/koha/opac-detail.pl?biblionumber=3194
_yKatalog online BPK